• 首页
  • 本馆介绍
  • 公告通知
  • 最新文献
  • 馆藏检索
  • 电子资源
  • 读者导购
  • 参考咨询
  • 我的图书馆
  • 登录
  • 详细信息显示
  • 放入我的书架
  • 预约/预借图书
  • 作者相关作品
  • 分类相关作品
  • 丛书相关作品
  • 出版社相关作品

书目信息

  • 表格格式
  • 工作单格式
  • 卡片格式
题名:
成本会计
    
 
作者: ;全国会计专业技术资格考试领导小组办公室 编
分册:  
出版信息: 北京   中国物价出版社  1995
页数: 372页
开本: 20cm
丛书名:
单 册:
中图分类: F235.5
科图分类:
主题词: 会计
电子资源:
ISBN: 7-80070-492-0
000 00792nam0 2200205 45
001 0404251051
005 20070724103315.23
010    @a7-80070-492-0@dCNY13.00
100    @a20040425d1995 km y0chiy0120 ea
101 0  @achi
102    @aCN@b110000
200 1  @a成本会计@ACheng Ben Kuai Ji@f全国会计专业技术资格考试领导小组办公室编@Fquan guo kuai ji zhuan ye ji shu zi ge kao shi ling dao xiao zu ban gong shi bian
210    @a北京@c中国物价出版社@d1995
215    @a372页@d20cm
300    @a全国会计专业技术资格考试指定用书 助理会计师资格考试
606 0  @a会计
690    @aF235.5@v3
711 02 @a全国会计专业技术资格考试领导小组办公室@Aquan guo kuai ji zhuan ye ji shu zi ge kao shi ling dao xiao zu ban gong shi@4编
801    @aCN@bPftUser@c20070724
905    @f2@b102467-468@dF235.5@e298
    
    成本会计/全国会计专业技术资格考试领导小组办公室编.-北京:中国物价出版社,1995
    372页;20cm
    全国会计专业技术资格考试指定用书 助理会计师资格考试
    
    ISBN 7-80070-492-0:CNY13.00
    
●
相关链接 在E读中查询图书 在五车中查询图书 在当当中查询图书 在豆瓣中查询图书


正题名:成本会计     索取号:F235.5/298         预约/预借

序号 登录号 条形码 馆藏地/架位号 状态 备注
1 0766374   207663740   第一样本阅览室/ [索取号:F235.5/298] 在馆    
唐山师范学院图书馆 欢迎您!
大连网信软件有限公司© 版权所有